| 000 | 00772nam a22002537a 4500 | ||
|---|---|---|---|
| 001 | BR9605145 | ||
| 003 | BR-BrBNA | ||
| 005 | 20240311124407.0 | ||
| 007 | ta | ||
| 008 | 230509b bl.||||| |||| 00| 0 por d | ||
| 040 |
_aBR-BrBNA _bpor _cBiblioteca Nacional de Agricultura |
||
| 041 | _a(Por) | ||
| 072 | _aA50 | ||
| 090 |
_aA50 _bBR9605145 |
||
| 110 | 1 |
_aUniversidade Federal Rural do Rio de Janeiro, Itaguai (Brasil) _911225 |
|
| 111 | 1 |
_a6. Seminario Bienal de Pesquisa _cItaguai, RJ 1993 _d22-26 Nov 1993 |
|
| 245 | 1 | _aResumos dos trabalhos apresentados no 6. Seminario bienal de pesquisa | |
| 260 | 3 |
_aItaguai, RJ (Brasil): _c1994. |
|
| 300 | _a418 p. | ||
| 500 | _aSummary only | ||
| 650 | _aPesquisa Agricola | ||
| 650 | _aRio de Janeiro | ||
| 942 |
_cBK _2AGRIS |
||
| 999 |
_c54355 _d54355 |
||